<?xml version="1.0" encoding="UTF-8"?>
<collection xmlns="http://www.loc.gov/MARC21/slim">
  <record>
    <leader>00000nam  2200000   4500</leader>
    <controlfield tag="001">INLIS000000000006181</controlfield>
    <controlfield tag="005">20191206011159</controlfield>
    <datafield tag="035" ind1="#" ind2="#">
      <subfield code="a">0010-1219000012</subfield>
    </datafield>
    <controlfield tag="007">ta</controlfield>
    <controlfield tag="008">191206################g##########0#eng##</controlfield>
    <datafield tag="020" ind1="#" ind2="#">
      <subfield code="a">0070584818</subfield>
    </datafield>
    <datafield tag="082" ind1="#" ind2="#">
      <subfield code="a">301.11</subfield>
    </datafield>
    <datafield tag="084" ind1="#" ind2="#">
      <subfield code="a">301.11 Smi s</subfield>
    </datafield>
    <datafield tag="100" ind1=" " ind2="#">
      <subfield code="a">Smith, Henry Clay</subfield>
    </datafield>
    <datafield tag="245" ind1="1" ind2="#">
      <subfield code="a">Sensitivity Training The Scientific Understanding of Individuals /</subfield>
      <subfield code="c">Smith, Henry Clay</subfield>
    </datafield>
    <datafield tag="260" ind1="#" ind2="#">
      <subfield code="a">New York :</subfield>
      <subfield code="b">McGraw-Hill Book Company,</subfield>
      <subfield code="c">1973</subfield>
    </datafield>
    <datafield tag="300" ind1="#" ind2="#">
      <subfield code="a">xii, 271 hlm. :</subfield>
      <subfield code="b">ilus ;</subfield>
      <subfield code="c">24 cm</subfield>
    </datafield>
    <datafield tag="650" ind1="#" ind2="#">
      <subfield code="a">training, persepsi sosial, Empati. sosial.</subfield>
    </datafield>
    <datafield tag="856" ind1="#" ind2="#">
      <subfield code="a">Perpustakaan Lembaga Administrasi Negara</subfield>
    </datafield>
  </record>
</collection>
